| 000 | 00577 a2200181 4500 | ||
|---|---|---|---|
| 020 | _a1580533310 | ||
| 040 |
_aDLC _bDLC |
||
| 082 | 0 | 0 | _a621.382/15 |
| 100 | 1 | _aJanevski, Toni. | |
| 245 | 1 | 0 |
_aTraffic analysis and design of wireless IP networks _cToni Janevski. |
| 260 |
_aBoston : _bArtech House, _cc2003. |
||
| 300 |
_axvi, 368 p. : _bill. ; _c24 cm. |
||
| 440 | 0 | _aArtech House mobile communications series | |
| 650 | 0 | _aWireless communication systems. | |
| 650 | 0 |
_aTelecommunication _xTraffic. |
|
| 650 | 0 | _aMobile communication systems. | |
| 942 |
_cBK _k621.38215 JAN _2ddc |
||
| 999 |
_c8186 _d8186 |
||